B Entertainment Images II Quiz Stats

Quiz Updated Apr 2, 2016

Challenge
Share
Tweet
Score 0/25 Timer 05:00
1 Play Today
% Correct
Battleship
92.2%
Braveheart
88.3%
Black Swan
87.6%
Sandra Bullock
84.8%
Backgammon
83.8%
Boggle
73.5%
Bring It On
68.2%
'Beat It' (Michael Jackson)
66.8%
Bejeweled
65.8%
'Bohemian Rhapsody' (Queen)
64.2%
Betty Cooper
61.5%
Blood Diamond
61.5%
'Baby' (Justin Bieber)
60.6%
% Correct
Kathy Bates
58.8%
Steve Buscemi
58.4%
Humphrey Bogart
57.1%
Beast
54.2%
Elizabeth Banks
43.7%
'Bad Romance' (Lady Gaga)
40.5%
Burn After Reading
38.9%
Bane
34.8%
Bill the Cat
32.7%
'Boom Boom Pow' (Black Eyed Peas)
27.7%
Bullseye
20.6%
Battletoads
15.8%

You're not logged in!

Compare scores with friends on all Sporcle quizzes.
Sign Up with Email
OR
Log In

You Might Also Like...

Show Comments

Extras

Top Quizzes Today


Score Distribution

Your Account Isn't Verified!

In order to create a playlist on Sporcle, you need to verify the email address you used during registration. Go to your Sporcle Settings to finish the process.